Pneumatic tyres on the Paris underground railway (Record no. 65203)

MARC details
000 -LEADER
fixed length control field 00374nam a2200145Ia 4500
100 ## - MAIN ENTRY--AUTHOR NAME
Personal name Ruhlman H
245 #0 - TITLE STATEMENT
Title Pneumatic tyres on the Paris underground railway
260 ## - PUBLICATION, DISTRIBUTION, ETC. (IMPRINT)
Name of publisher Rubber Developments
Year of publication 1951
300 ## - PHYSICAL DESCRIPTION
Number of Pages 114-117
650 ## - SUBJECT ADDED ENTRY--TOPICAL TERM
Topical Term Paris
650 ## - SUBJECT ADDED ENTRY--TOPICAL TERM
Topical Term Pneumatic tyres
650 ## - SUBJECT ADDED ENTRY--TOPICAL TERM
Topical Term Underground railway
942 ## - ADDED ENTRY ELEMENTS (KOHA)
Koha item type Journals
Holdings
Withdrawn status Lost status Damaged status Not for loan Home library Current library Shelving location Date acquired Serial Enumeration / chronology Koha item type
      Journals RRII Library RRII Library Rubber chemistry 17/12/2021 Volume 4, Issue 4 Journals